| 000 | 00727aas a2200217 4500 | ||
|---|---|---|---|
| 999 |
_c2060 _d2060 |
||
| 003 | BR-BrBNA | ||
| 005 | 20230317233403.0 | ||
| 007 | ta | ||
| 008 | 230119b bl ||||| |||| 00| 0 por d | ||
| 035 | _a000485-5 | ||
| 040 |
_aBR-BrBNA _bPor _cBR-BrBNA |
||
| 042 | _a070461-X | ||
| 044 | _abl | ||
| 245 | _aBoletim Informativo - Empresa de Assistência Técnica e Extensão Rural do Estado do Pará (Brazil) | ||
| 260 |
_aBelém-PA _bEmpresa de Assistência Técnica e Extensão Rural do Estado do Pará _c1983. Data final de publicação em 1984 _eBPA |
||
| 270 | _aRua Almirante Barroso, 717 - 66000-000 - Belém - PA | ||
| 310 | _airregular | ||
| 505 | _a1983 (3-4); 1984 11(1-4); | ||
| 909 |
_a56 _bSergio Santos _c56 _dSergio Santos |
||
| 942 |
_cCR _2AGRIS |
||